01230nam a2200397 i 45000010005000000030009000050050017000140080039000310200015000700400036000850410008001210460009001290800011001380800012001491000032001612450064001932500015002572600033002723000041003053360027003463370054003733380028004273800016004553800027004713850039004983880014005373880014005515040028005656500016005936500014006096550030006236580031006536580028006847100023007128560097007356578KOSZ 00520191009143411.0 s1993 pl f f |000 0 pol a8321336086 cKOSZ 005aKOSZ 005dKOSZ 005/EG apol k1977 a624.04 a(075.8)1 aKolendowicz, TadeuszeAutor10aMechanika budowli dla architektów /cTadeusz Kolendowicz. aWyd. 2 zm. aWarszawa :b"Arkady",c1993. a415, [1] s. :b1 mapa, rys. ;c5 cm. 2rdacontentaTekstbtxt 2rdamediaaBez urządzenia pośredniczącegobn 2rdacarrieraWoluminbnc aKsiążki aPublikacje dydaktyczne mPoziom nauczaniaaSzkoły wyższe a1901-2000 a1989-2000 aBibliogr. s. 415-[416]. 7aBudownictwo 7aMechanika aPodręczniki akademickie aArchitektura i budownictwo aInżynieria i technika2 aWydawnictwo Arkady uhttp://koha.tu.koszalin.pl/cgi-bin/koha/opac-detail.pl?biblionumber=6578yKatalog online BPK